[Event "24th Barcelona Open-A 2019"]
[Site "Barcelona"]
[Date "2019.10.04"]
[Round "8.13"]
[White "Gomez Anadon, Daniel"]
[Black "Herraiz Hidalgo, Herminio"]
[Result "1/2-1/2"]
[WhiteElo "2245"]
[BlackElo "2410"]
[Annotator "NA"]
[PlyCount "34"]
[EventDate "2019.09.27"]
[EventType "swiss"]
[EventCountry "ESP"]
[SourceTitle "playchess.com"]
[Source "ChessBase"]
[SourceQuality "1"]
[TimeControl "5400+30"]

1. e4 {[%emt 0:00:00]} e6 {[%emt 0:00:00]} 2. d3 {[%emt 0:00:00]} c5 {[%emt 0:00:04]} 3. Nf3 {[%emt 0:00:07]} Nc6 {[%emt 0:00:18]} 4. g3 {[%emt 0:00:12]} g6 {[%emt 0:00:27]} 5. Bg2 {[%emt 0:00:35]} Bg7 {[%emt 0:00:16]} 6. O-O {[%emt 0:00:22]} Nge7 {[%emt 0:00:25]} 7. c3 {[%emt 0:01:25]} O-O {[%emt 0:00:51]} 8. d4 {[%emt 0:04:26]} cxd4 {[%emt 0:00:58]} 9. cxd4 {[%emt 0:00:06]} d5 {[%emt 0:00:47]} 10. e5 {[%emt 0:02:25]} Bd7 {[%emt 0:06:10]} 11. Nc3 {[%emt 0:01:12]} a6 {[%emt 0:02:08]} 12. Re1 {[%emt 0:01:42]} f6 {[%emt 0:03:56]} 13. exf6 {[%emt 0:01:57]} Rxf6 {[%emt 0:02:34]} 14. Bg5 {[%emt 0:06:06]} Rf7 {[%emt 0:03:33]} 15. Qd2 {[%emt 0:10:01]} Qf8 {[%emt 0:24:23]} 16. Bf4 {[%emt 0:02:01]} h6 {[%emt 0:07:57]} 17. Ne5 {[%emt 0:02:38]} Nxe5 1/2-1/2

[Event "24th Barcelona Open-A 2019"]
[Site "Barcelona"]
[Date "2019.10.04"]
[Round "8.14"]
[White "Ayats Llobera, Gerard"]
[Black "Purnama, Tirta Chandra"]
[Result "1/2-1/2"]
[WhiteElo "2384"]
[BlackElo "2300"]
[Annotator "NA"]
[PlyCount "109"]
[EventDate "2019.09.27"]
[EventType "swiss"]
[EventCountry "ESP"]
[SourceTitle "playchess.com"]
[Source "ChessBase"]
[SourceQuality "1"]
[TimeControl "5400+30"]

1. Nf3 {[%emt 0:00:00]} Nf6 {[%emt 0:03:17]} 2. g3 {[%emt 0:00:00]} g6 {[%emt 0:01:31]} 3. b3 {[%emt 0:00:00]} Bg7 {[%emt 0:00:41]} 4. Bb2 {[%emt 0:00:00]} d6 {[%emt 0:04:40]} 5. d4 {[%emt 0:00:42]} O-O {[%emt 0:01:18]} 6. Bg2 {[%emt 0:04:08]} e5 {[%emt 0:02:19]} 7. dxe5 {[%emt 0:00:34]} Nfd7 {[%emt 0:01:12]} 8. O-O {[%emt 0:06:18]} Nc6 {[%emt 0:02:31]} 9. Qc1 {[%emt 0:03:22]} dxe5 {[%emt 0:15:58]} 10. Nc3 {[%emt 0:01:18]} Re8 {[%emt 0:01:09]} 11. Rd1 {[%emt 0:15:31]} e4 {[%emt 0:20:12]} 12. Nd2 {[%emt 0:07:10]} e3 {[%emt 0:03:12]} 13. fxe3 {[%emt 0:06:14]} Nce5 {[%emt 0:01:36]} 14. Nd5 {[%emt 0:04:03]} f5 {[%emt 0:08:47]} 15. Nf4 {[%emt 0:06:28]} c6 {[%emt 0:01:15]} 16. Bd4 {[%emt 0:22:40]} Qe7 {[%emt 0:07:53]} 17. h3 {[%emt 0:04:33]} Nf6 {[%emt 0:10:06]} 18. Qb2 {[%emt 0:09:14]} Ned7 {[%emt 0:09:20]} 19. b4 {[%emt 0:00:49]} g5 {[%emt 0:01:57]} 20. Nd3 {[%emt 0:00:01]} Nh5 {[%emt 0:00:29]} 21. Nf1 {[%emt 0:01:03]} Ndf6 {[%emt 0:00:06]} 22. b5 {[%emt 0:02:27]} Be6 {[%emt 0:01:00]} 23. bxc6 {[%emt 0:00:42]} bxc6 {[%emt 0:00:01]} 24. Qb4 {[%emt 0:00:02]} Qxb4 {[%emt 0:00:59]} 25. Nxb4 {[%emt 0:00:02]} Ne4 {[%emt 0:00:27]} 26. Bxe4 {[%emt 0:03:24]} fxe4 {[%emt 0:00:12]} 27. g4 {[%emt 0:00:14]} Bxd4 {[%emt 0:00:48]} 28. exd4 {[%emt 0:01:08]} Nf4 {[%emt 0:00:07]} 29. Nxc6 {[%emt 0:01:33]} Nxh3+ {[%emt 0:00:47]} 30. Kg2 {[%emt 0:00:39]} Nf4+ {[%emt 0:00:19]} 31. Kf2 {[%emt 0:00:01]} Rac8 {[%emt 0:00:38]} 32. Ne5 {[%emt 0:00:39]} Rxc2 {[%emt 0:00:30]} 33. Rd2 {[%emt 0:00:01]} Rec8 {[%emt 0:00:34]} 34. Rad1 {[%emt 0:01:12]} Bxa2 {[%emt 0:00:33]} 35. Ng3 {[%emt 0:00:01]} Bd5 {[%emt 0:00:32]} 36. Nf5 Rxd2 {[%emt 0:00:31]} 37. Rxd2 {[%emt 0:00:02]} Kf8 {[%emt 0:00:24]} 38. Nd7+ {[%emt 0:00:25]} Ke8 {[%emt 0:00:29]} 39. Nf6+ {[%emt 0:00:18]} Kd8 {[%emt 0:00:29]} 40. Nxh7 {[%emt 0:00:18]} a5 {[%emt 0:00:36]} 41. Nxg5 {[%emt 0:00:33]} a4 {[%emt 0:00:26]} 42. Ne3 {[%emt 0:00:48]} Bb3 {[%emt 0:00:35]} 43. Nxe4 {[%emt 0:00:44]} a3 {[%emt 0:00:14]} 44. Nc5 {[%emt 0:00:01]} Bf7 {[%emt 0:00:17]} 45. Nc2 {[%emt 0:01:22]} a2 {[%emt 0:00:13]} 46. Na1 {[%emt 0:00:02]} Rb8 {[%emt 0:00:35]} 47. d5 Ke7 {[%emt 0:01:11]} 48. e4 {[%emt 0:02:10]} Kd6 {[%emt 0:00:08]} 49. Ncb3 {[%emt 0:00:01]} Ke5 {[%emt 0:00:36]} 50. Kf3 {[%emt 0:01:11]} Rc8 {[%emt 0:00:41]} 51. Rxa2 {[%emt 0:00:35]} Rc3+ {[%emt 0:00:17]} 52. Kf2 Kxe4 {[%emt 0:00:34]} 53. Nd2+ {[%emt 0:00:34]} Ke5 {[%emt 0:00:45]} 54. Ra5 {[%emt 0:00:58]} Bxd5 {[%emt 0:00:25]} 55. Nab3 {[%emt 0:00:10]} 1/2-1/2

[Event "24th Barcelona Open-A 2019"]
[Site "Barcelona"]
[Date "2019.10.04"]
[Round "8.15"]
[White "Serarols Mabras, Bernat"]
[Black "Piedra Salabarria, Ernesto"]
[Result "1-0"]
[WhiteElo "2333"]
[BlackElo "2287"]
[Annotator "NA"]
[PlyCount "95"]
[EventDate "2019.09.27"]
[EventType "swiss"]
[EventCountry "ESP"]
[SourceTitle "playchess.com"]
[Source "ChessBase"]
[SourceQuality "1"]
[TimeControl "5400+30"]

1. d4 {[%emt 0:02:46]} Nf6 {[%emt 0:13:26]} 2. c4 g6 {[%emt 0:00:37]} 3. Nf3 {[%emt 0:00:30]} Bg7 {[%emt 0:00:04]} 4. Nc3 {[%emt 0:00:08]} d6 {[%emt 0:00:00]} 5. Bf4 {[%emt 0:00:10]} O-O {[%emt 0:00:42]} 6. e3 {[%emt 0:00:05]} c6 {[%emt 0:02:29]} 7. Be2 {[%emt 0:01:20]} a6 {[%emt 0:02:58]} 8. O-O {[%emt 0:02:52]} Re8 {[%emt 0:00:09]} 9. h3 {[%emt 0:01:01]} Nbd7 {[%emt 0:04:00]} 10. Qc2 {[%emt 0:02:45]} e5 {[%emt 0:00:49]} 11. Bh2 {[%emt 0:01:30]} Qe7 {[%emt 0:00:06]} 12. Rfd1 {[%emt 0:05:02]} e4 {[%emt 0:09:08]} 13. Nd2 {[%emt 0:00:30]} Nf8 {[%emt 0:01:05]} 14. b4 {[%emt 0:01:22]} g5 {[%emt 0:06:08]} 15. a4 {[%emt 0:01:26]} Bf5 {[%emt 0:00:40]} 16. c5 {[%emt 0:04:45]} d5 {[%emt 0:02:15]} 17. b5 {[%emt 0:00:02]} Ne6 {[%emt 0:02:22]} 18. bxc6 {[%emt 0:00:57]} bxc6 {[%emt 0:00:02]} 19. Nb3 {[%emt 0:08:02]} h5 {[%emt 0:10:18]} 20. Na5 {[%emt 0:01:37]} Nd8 {[%emt 0:00:36]} 21. Rdb1 {[%emt 0:02:22]} h4 {[%emt 0:06:24]} 22. Qd1 {[%emt 0:05:27]} Qd7 {[%emt 0:04:31]} 23. Rb6 {[%emt 0:01:57]} g4 {[%emt 0:02:19]} 24. hxg4 {[%emt 0:05:50]} Bxg4 {[%emt 0:02:52]} 25. Rab1 {[%emt 0:01:51]} Rc8 {[%emt 0:06:11]} 26. Rb8 {[%emt 0:03:53]} h3 {[%emt 0:03:29]} 27. Bg3 {[%emt 0:04:50]} Kh7 {[%emt 0:01:36]} 28. Bxg4 {[%emt 0:04:38]} Nxg4 {[%emt 0:00:01]} 29. gxh3 {[%emt 0:00:24]} Nf6 {[%emt 0:00:07]} 30. Kg2 {[%emt 0:00:47]} Bh6 {[%emt 0:01:07]} 31. Ne2 {[%emt 0:13:08]} Rg8 {[%emt 0:00:38]} 32. Kh2 {[%emt 0:06:03]} Rxb8 {[%emt 0:03:32]} 33. Rxb8 {[%emt 0:01:47]} Nh5 {[%emt 0:00:42]} 34. Nf4 {[%emt 0:03:57]} Nxf4 {[%emt 0:03:53]} 35. exf4 {[%emt 0:00:56]} Qf5 {[%emt 0:02:55]} 36. Rxd8 {[%emt 0:03:10]} Rxd8 {[%emt 0:00:22]} 37. Nxc6 {[%emt 0:00:02]} Re8 {[%emt 0:01:16]} 38. Qg4 {[%emt 0:00:13]} Qe6 {[%emt 0:04:37]} 39. Ne5 {[%emt 0:01:04]} Rg8 {[%emt 0:01:43]} 40. f5 {[%emt 0:01:48]} Qf6 {[%emt 0:01:38]} 41. Qh5 {[%emt 0:00:02]} Rg5 {[%emt 0:02:07]} 42. Ng4 {[%emt 0:01:03]} Rxg4 {[%emt 0:00:34]} 43. hxg4 {[%emt 0:00:13]} e3 {[%emt 0:00:30]} 44. fxe3 {[%emt 0:00:18]} Kg8 {[%emt 0:00:30]} 45. Be5 {[%emt 0:00:39]} Qc6 {[%emt 0:00:29]} 46. g5 {[%emt 0:00:06]} Qxa4 {[%emt 0:00:31]} 47. Qxh6 {[%emt 0:00:06]} Qc2+ {[%emt 0:00:30]} 48. Kg3 {[%emt 0:00:02]} 1-0

[Event "24th Barcelona Open-A 2019"]
[Site "Barcelona"]
[Date "2019.10.04"]
[Round "8.16"]
[White "Rahman, Masruri"]
[Black "Barseghyan, Harutyun"]
[Result "0-1"]
[WhiteElo "2271"]
[BlackElo "2500"]
[Annotator "ChessBase"]
[PlyCount "74"]
[EventDate "2019.09.27"]
[EventType "swiss"]
[EventCountry "ESP"]
[SourceTitle "playchess.com"]
[Source "ChessBase"]
[SourceQuality "1"]
[TimeControl "5400+30"]

1. d4 Nf6 2. Bf4 d5 3. e3 c5 4. c3 Nc6 5. Nd2 Bf5 6. Qb3 Qd7 7. Ngf3 c4 8. Qd1 e6 9. Ne5 Nxe5 10. Bxe5 Be7 11. Bxf6 Bxf6 12. e4 Bg6 13. h4 h6 14. Qg4 h5 15. Qe2 b5 16. g3 e5 17. Bh3 Qe7 18. dxe5 Bxe5 19. Bf5 Bxf5 20. exf5 b4 21. Rc1 bxc3 22. bxc3 Bf6 23. Nf1 Qxe2+ 24. Kxe2 Kd7 25. Ne3 Kc6 26. Rhd1 Rhd8 27. Rc2 Rab8 28. Rcd2 Bxc3 29. Rxd5 Rb2+ 30. Kf3 Rxd5 31. Nxd5 Bd2 32. Ke4 Kc5 33. a3 c3 34. Nb4 Rxb4+ 35. axb4+ Kc4 36. Ra1 c2 37. Rxa7 Bc3 0-1

[Event "24th Barcelona Open-A 2019"]
[Site "Barcelona"]
[Date "2019.10.04"]
[Round "8.17"]
[White "Alshameary Puente, Ismael"]
[Black "Jimenez Ruano, Adrian"]
[Result "1-0"]
[WhiteElo "2444"]
[BlackElo "2311"]
[Annotator "NA"]
[PlyCount "97"]
[EventDate "2019.09.27"]
[EventType "swiss"]
[EventCountry "ESP"]
[SourceTitle "playchess.com"]
[Source "ChessBase"]
[SourceQuality "1"]
[TimeControl "5400+30"]

1. d4 {[%emt 0:00:00]} Nf6 {[%emt 0:00:51]} 2. c4 {[%emt 0:00:00]} e6 {[%emt 0:00:15]} 3. Nc3 {[%emt 0:00:03]} Bb4 {[%emt 0:00:09]} 4. e3 {[%emt 0:00:45]} d5 {[%emt 0:00:10]} 5. a3 {[%emt 0:00:06]} Bxc3+ {[%emt 0:00:25]} 6. bxc3 {[%emt 0:00:06]} O-O {[%emt 0:00:32]} 7. cxd5 {[%emt 0:00:14]} exd5 {[%emt 0:00:16]} 8. Bd3 {[%emt 0:01:10]} b6 {[%emt 0:00:35]} 9. Ne2 {[%emt 0:00:05]} Ba6 {[%emt 0:04:16]} 10. O-O {[%emt 0:00:19]} Qc8 {[%emt 0:05:42]} 11. f3 {[%emt 0:33:50]} Re8 {[%emt 0:10:02]} 12. Ng3 {[%emt 0:01:06]} c5 {[%emt 0:04:06]} 13. e4 {[%emt 0:06:57]} cxd4 {[%emt 0:14:56]} 14. cxd4 {[%emt 0:00:29]} Bxd3 {[%emt 0:00:05]} 15. Qxd3 {[%emt 0:00:07]} h6 16. e5 {[%emt 0:02:02]} Nfd7 {[%emt 0:11:29]} 17. Nf5 {[%emt 0:00:40]} Qa6 {[%emt 0:01:13]} 18. Qc2 {[%emt 0:02:48]} b5 {[%emt 0:05:01]} 19. Nd6 {[%emt 0:04:12]} Rf8 {[%emt 0:00:01]} 20. Qf5 {[%emt 0:02:20]} Qa4 {[%emt 0:06:46]} 21. Be3 {[%emt 0:04:48]} a5 {[%emt 0:05:52]} 22. Qg4 {[%emt 0:02:34]} Kh7 {[%emt 0:00:08]} 23. Nf5 {[%emt 0:00:27]} Rg8 {[%emt 0:00:01]} 24. Rac1 {[%emt 0:00:47]} Ra6 {[%emt 0:00:44]} 25. Ne7 {[%emt 0:02:01]} Qxa3 {[%emt 0:04:44]} 26. Qf5+ {[%emt 0:06:13]} Rg6 {[%emt 0:04:33]} 27. Nxd5 {[%emt 0:00:29]} b4 {[%emt 0:02:40]} 28. Ra1 {[%emt 0:10:04]} Qb3 29. Qxf7 {[%emt 0:01:01]} a4 {[%emt 0:01:52]} 30. Rxa4 {[%emt 0:05:39]} Qc2 {[%emt 0:02:24]} 31. Nf4 {[%emt 0:00:10]} Rg5 {[%emt 0:00:01]} 32. Ra2 {[%emt 0:00:32]} Qc6 {[%emt 0:02:24]} 33. Qb3 {[%emt 0:06:40]} Qb7 {[%emt 0:00:30]} 34. g4 {[%emt 0:00:41]} Rc8 {[%emt 0:07:25]} 35. Rc2 {[%emt 0:00:45]} Nc6 {[%emt 0:01:27]} 36. h4 {[%emt 0:01:04]} Rxe5 {[%emt 0:00:16]} 37. dxe5 {[%emt 0:00:18]} Ndxe5 {[%emt 0:00:01]} 38. Rc5 {[%emt 0:00:58]} Re8 {[%emt 0:00:51]} 39. Kf2 {[%emt 0:03:00]} Kh8 {[%emt 0:00:33]} 40. Qd5 {[%emt 0:00:57]} Rd8 {[%emt 0:00:06]} 41. Qe6 {[%emt 0:00:45]} Nd4 {[%emt 0:00:55]} 42. Bxd4 {[%emt 0:02:40]} Qxf3+ {[%emt 0:00:29]} 43. Kg1 {[%emt 0:00:41]} Qg3+ {[%emt 0:00:10]} 44. Ng2 {[%emt 0:00:37]} Nxg4 {[%emt 0:00:01]} 45. Be5 {[%emt 0:00:09]} Qh3 {[%emt 0:00:46]} 46. Rc4 {[%emt 0:00:33]} h5 {[%emt 0:00:32]} 47. Rc8 {[%emt 0:00:44]} Rxc8 {[%emt 0:00:22]} 48. Qxc8+ {[%emt 0:00:03]} Kh7 {[%emt 0:00:01]} 49. Qf5+ {[%emt 0:00:15]} 1-0

[Event "24th Barcelona Open-A 2019"]
[Site "Barcelona"]
[Date "2019.10.04"]
[Round "8.18"]
[White "Veinberg, Nimrod"]
[Black "Garcia Paolicchi, Raul"]
[Result "1/2-1/2"]
[WhiteElo "2411"]
[BlackElo "2054"]
[Annotator "NA"]
[PlyCount "76"]
[EventDate "2019.09.27"]
[EventType "swiss"]
[EventCountry "ESP"]
[SourceTitle "playchess.com"]
[Source "ChessBase"]
[SourceQuality "1"]
[TimeControl "5400+30"]

1. d4 {[%emt 0:00:00]} d5 {[%emt 0:00:00]} 2. c4 {[%emt 0:00:00]} dxc4 {[%emt 0:00:14]} 3. e4 {[%emt 0:00:00]} e5 {[%emt 0:00:09]} 4. Nf3 {[%emt 0:00:01]} exd4 {[%emt 0:00:10]} 5. Bxc4 {[%emt 0:00:18]} Nc6 {[%emt 0:00:28]} 6. O-O {[%emt 0:01:46]} Be6 {[%emt 0:00:24]} 7. Bxe6 {[%emt 0:00:07]} fxe6 {[%emt 0:00:06]} 8. Qb3 {[%emt 0:00:07]} Qd7 {[%emt 0:00:15]} 9. Qxb7 {[%emt 0:00:29]} Rb8 {[%emt 0:00:17]} 10. Qa6 {[%emt 0:00:07]} Nf6 {[%emt 0:00:24]} 11. Nbd2 {[%emt 0:00:11]} Bb4 {[%emt 0:04:27]} 12. Qd3 {[%emt 0:00:43]} O-O {[%emt 0:01:50]} 13. Nc4 {[%emt 0:02:34]} Bc5 {[%emt 0:07:52]} 14. Bd2 {[%emt 0:04:26]} Qe7 {[%emt 0:04:22]} 15. a3 {[%emt 0:08:13]} a6 {[%emt 0:13:48]} 16. b4 {[%emt 0:01:34]} Ba7 {[%emt 0:00:11]} 17. Rac1 {[%emt 0:11:27]} Nd7 {[%emt 0:13:08]} 18. Nb2 {[%emt 0:26:38]} Nce5 {[%emt 0:05:52]} 19. Nxe5 {[%emt 0:00:11]} Nxe5 {[%emt 0:00:07]} 20. Qxa6 {[%emt 0:03:35]} Bb6 {[%emt 0:00:54]} 21. Qe2 {[%emt 0:01:30]} Ra8 {[%emt 0:09:08]} 22. Nd3 {[%emt 0:02:36]} Nxd3 {[%emt 0:04:35]} 23. Qxd3 {[%emt 0:00:34]} Ra4 {[%emt 0:01:53]} 24. Rc6 {[%emt 0:01:11]} Rfa8 {[%emt 0:01:54]} 25. Bc1 {[%emt 0:00:19]} Qf7 {[%emt 0:02:12]} 26. f4 {[%emt 0:04:43]} Qd7 {[%emt 0:03:56]} 27. Rc2 {[%emt 0:01:13]} R4a7 {[%emt 0:03:37]} 28. Bb2 {[%emt 0:00:26]} Qd6 {[%emt 0:00:41]} 29. f5 {[%emt 0:07:00]} exf5 {[%emt 0:03:42]} 30. Rxf5 {[%emt 0:00:30]} Qe6 {[%emt 0:00:57]} 31. Rcf2 {[%emt 0:03:02]} Re8 {[%emt 0:03:39]} 32. h3 {[%emt 0:03:57]} h6 {[%emt 0:00:24]} 33. R2f3 {[%emt 0:00:44]} c6 {[%emt 0:03:27]} 34. Kh1 {[%emt 0:00:30]} Rae7 {[%emt 0:02:14]} 35. R3f4 {[%emt 0:08:37]} Bc7 {[%emt 0:02:00]} 36. Rf1 {[%emt 0:00:13]} Qd6 {[%emt 0:02:48]} 37. g3 {[%emt 0:04:54]} Rxe4 {[%emt 0:01:30]} 38. Qc4+ {[%emt 0:01:40]} Kh7 {[%emt 0:00:53]} 1/2-1/2

[Event "24th Barcelona Open-A 2019"]
[Site "Barcelona"]
[Date "2019.10.04"]
[Round "8.19"]
[White "Palacin Martin, Ricardo"]
[Black "Walukow, Theodora Paulina"]
[Result "1-0"]
[WhiteElo "1985"]
[BlackElo "1864"]
[Annotator "NA"]
[PlyCount "58"]
[EventDate "2019.09.27"]
[EventType "swiss"]
[EventCountry "ESP"]
[SourceTitle "playchess.com"]
[Source "ChessBase"]
[SourceQuality "1"]
[TimeControl "5400+30"]

1. d4 {[%emt 0:00:00]} d5 {[%emt 0:00:00]} 2. c4 {[%emt 0:00:06]} c6 {[%emt 0:00:06]} 3. Nf3 {[%emt 0:00:10]} Nf6 {[%emt 0:00:09]} 4. Nc3 {[%emt 0:00:12]} e6 {[%emt 0:01:02]} 5. e3 {[%emt 0:02:28]} Bd6 {[%emt 0:00:21]} 6. Bd3 dxc4 {[%emt 0:02:49]} 7. Bxc4 {[%emt 0:00:47]} b5 {[%emt 0:00:08]} 8. Bd3 {[%emt 0:04:53]} Nbd7 {[%emt 0:00:33]} 9. O-O {[%emt 0:00:33]} a6 10. e4 {[%emt 0:11:04]} e5 {[%emt 0:07:22]} 11. Bg5 {[%emt 0:04:32]} exd4 {[%emt 0:09:28]} 12. Nxd4 {[%emt 0:00:16]} Ne5 {[%emt 0:00:15]} 13. Be2 {[%emt 0:04:33]} O-O {[%emt 0:11:27]} 14. Rc1 {[%emt 0:04:45]} Be7 {[%emt 0:12:30]} 15. Bf4 {[%emt 0:07:04]} Nfd7 {[%emt 0:09:43]} 16. Be3 {[%emt 0:08:50]} Bb7 {[%emt 0:05:56]} 17. Qc2 {[%emt 0:06:02]} Bc5 {[%emt 0:04:48]} 18. Rfd1 {[%emt 0:00:47]} Qc7 {[%emt 0:05:02]} 19. a3 {[%emt 0:06:12]} Rac8 {[%emt 0:06:36]} 20. b4 {[%emt 0:03:17]} Bxd4 {[%emt 0:04:34]} 21. Bxd4 {[%emt 0:00:12]} Rfd8 {[%emt 0:02:58]} 22. Nd5 {[%emt 0:03:55]} Qd6 {[%emt 0:05:44]} 23. Nb6 {[%emt 0:01:23]} Qe7 {[%emt 0:08:49]} 24. Nxc8 {[%emt 0:04:39]} Rxc8 {[%emt 0:00:04]} 25. Bxe5 {[%emt 0:00:24]} Nxe5 {[%emt 0:00:06]} 26. Qc5 {[%emt 0:00:13]} Qg5 {[%emt 0:00:44]} 27. g3 {[%emt 0:03:34]} Qf6 {[%emt 0:00:49]} 28. f4 {[%emt 0:03:27]} Ng6 {[%emt 0:00:29]} 29. Qd4 {[%emt 0:02:02]} c5 1-0

[Event "24th Barcelona Open-A 2019"]
[Site "Barcelona"]
[Date "2019.10.04"]
[Round "8.20"]
[White "Vargas Drechsler, Carlos"]
[Black "Grau Ferrer, Carles"]
[Result "1-0"]
[WhiteElo "1878"]
[BlackElo "1808"]
[Annotator "NA"]
[PlyCount "51"]
[EventDate "2019.09.27"]
[EventType "swiss"]
[EventCountry "ESP"]
[SourceTitle "playchess.com"]
[Source "ChessBase"]
[SourceQuality "1"]
[TimeControl "5400+30"]

1. e4 c5 2. c3 e6 3. d4 cxd4 4. cxd4 d6 5. Nc3 Nf6 6. Nf3 Be7 7. Bd3 Bd7 8. O-O Nc6 9. Bf4 O-O 10. Rc1 Ne8 11. Bb1 f6 12. d5 Ne5 13. Nd4 Nc7 14. dxe6 Bc6 15. a3 Qe8 16. Ba2 Rd8 17. Nd5 Bxd5 18. exd5 Na6 19. Nf5 g6 20. Bxe5 gxf5 21. Bd4 Kh8 22. Qf3 Rg8 23. Qxf5 Qf8 24. Rc3 b6 25. Bb1 Rg7 26. Rh3 1-0

[Event "24th Barcelona Open-A 2019"]
[Site "Barcelona"]
[Date "2019.10.05"]
[Round "9.1"]
[White "Donchenko, Alexander"]
[Black "Svane, Rasmus"]
[Result "1/2-1/2"]
[WhiteElo "2631"]
[BlackElo "2592"]
[Annotator "TA"]
[PlyCount "29"]
[EventDate "2019.09.27"]
[EventType "swiss"]
[EventCountry "ESP"]
[SourceTitle "playchess.com"]
[Source "ChessBase"]
[SourceQuality "1"]

{[%evp 12,21,0,-8,0,-3,3,10,8,7,14,21]} 1. Nf3 d5 2. g3 g6 3. Bg2 Bg7 4. d4 Nd7 5. O-O Ngf6 6. c3 O-O 7. Bf4 {The position is equal.} c5 {D02: 1 d4 d5 2 Nf3 sidelines, including 2...Nf6 3 g3 and 2...Nf6 3 Bf4} 8. Ne5 Qb6 9. Qb3 cxd4 10. Qxb6 Nxb6 11. cxd4 {Predecessor:} Ne4 $146 12. Rc1 Nd6 13. Nc3 Be6 14. a4 a5 15. h4 {½-½ (49) Carlsen,M (2861)-Karjakin,S (2752) Cupar 2019} 1/2-1/2

[Event "24th Barcelona Open-A 2019"]
[Site "Barcelona"]
[Date "2019.10.05"]
[Round "9.2"]
[White "Kamsky, Gata"]
[Black "Perunovic, Milos"]
[Result "1-0"]
[WhiteElo "2685"]
[BlackElo "2569"]
[Annotator "TA"]
[PlyCount "59"]
[EventDate "2019.09.27"]
[EventType "swiss"]
[EventCountry "ESP"]
[SourceTitle "playchess.com"]
[Source "ChessBase"]
[SourceQuality "1"]

{[%evp 9,59,-4,9,13,16,8,39,17,29,16,25,25,44,26,39,44,66,61,57,64,64,58,65,73,87,83,87,94,124,124,121,82,73,53,127,112,205,217,265,274,263,277,258,226,453,454,426,394,381,364,821,450]} 1. d4 Nf6 2. Bf4 e6 3. e3 b6 4. Nf3 Bb7 5. Nbd2 d6 6. h3 {A47: 1 d4 Nf6 2 Nf3 b6: Torre, London and Colle Systems} Nbd7 7. Bh2 Qe7 8. a4 {White is slightly better.} a5 9. Bb5 g6 10. O-O Bg7 $146 ({Predecessor:} 10... Bh6 11. Qe2 O-O 12. Rfd1 Nd5 13. Rac1 f5 {0-1 (40) Bleiman,Y (2440)-Kortschnoj,V (2665) Beersheba 1978}) 11. Re1 O-O 12. e4 e5 13. c3 Nh5 14. Bxd7 Qxd7 15. dxe5 dxe5 16. Nxe5 Qe7 17. Ndf3 Rad8 18. Qb3 Bh6 19. Qc4 Bf4 20. Bxf4 Nxf4 21. Rad1 c5 (21... Kg7 $14) 22. Qb3 $16 Qf6 (22... Qc7 $16 {was called for.}) 23. Nd7 $18 Nxh3+ 24. gxh3 Qxf3 25. Re3 c4 {[#] And now ...Qxe3 would win.} 26. Qc2 Bxe4 $2 (26... Qf4) 27. Rxe4 (27. Rxf3 Bxc2 28. Rd4 Bxa4 $16) 27... Rfe8 28. Rde1 ({Not} 28. Rxe8+ Rxe8 29. Qd2 (29. Nxb6 $2 Re2 $19 {[%mdl 64] Double Attack}) (29. Rf1 Qxh3 30. Nf6+ {[%mdl 64] Double Attack} Kh8 $18) 29... Re2 $18) 28... Rxe4 29. Qxe4 Qxh3 $2 (29... Qxe4 30. Nf6+ {[%mdl 64] [#] Double Attack} Kg7 $1 {[%mdl 512]} 31. Nxe4 (31. Rxe4 Kxf6 32. Rxc4 Rd6 $11) 31... f5) 30. Nxb6 {Accuracy: White = 84%, Black = 28%.} 1-0

[Event "24th Barcelona Open-A 2019"]
[Site "Barcelona"]
[Date "2019.10.05"]
[Round "9.3"]
[White "Gharamian, Tigran"]
[Black "Sosa, Tomas"]
[Result "1-0"]
[WhiteElo "2590"]
[BlackElo "2524"]
[Annotator "TA"]
[PlyCount "141"]
[EventDate "2019.09.27"]
[EventType "swiss"]
[EventCountry "ESP"]
[SourceTitle "playchess.com"]
[Source "ChessBase"]
[SourceQuality "1"]

{[%evp 16,141,4,3,4,8,10,10,13,13,10,5,8,5,6,6,17,8,36,36,32,29,29,29,33,26,32,24,26,17,29,29,31,29,35,27,31,28,35,24,37,25,29,29,29,29,29,29,29,29,29,30,29,29,29,29,27,0,18,0,27,13,48,47,47,41,41,41,55,55,58,58,58,58,76,94,123,71,86,79,195,195,195,195,194,187,212,214,210,189,315,318,313,312,302,302,290,279,325,305,365,254,471,451,450,403,813,813,29977,29978,29986,29986,29988,29989,29989,29983,29983,29984,29986,29980,29988,29989,29991,29992,29993,29992,29992,29993]} 1. e4 e5 2. Nf3 Nc6 3. Nc3 Nf6 4. d4 exd4 5. Nxd4 Bb4 6. Nxc6 bxc6 7. Bd3 d5 8. Bd2 O-O 9. O-O Bxc3 {C47: Scotch Four Knights and Four Knights with 4 g3} 10. Bxc3 Nxe4 11. Bxe4 dxe4 {The position is equal.} 12. Qh5 Qd5 (12... Qd6 13. Rfe1 Re8 14. Re3 Re6 15. Rd1 Qe7 16. Rg3 Rg6 17. Qe5 {1-0 (52) Karjakin,S (2750)-Aronian,L (2765) Saint Louis 2019}) 13. Qe5 $146 ({Predecessor:} 13. Qh4 Bf5 14. Rad1 Qe6 15. Rfe1 Bg6 16. Qf4 Rac8 17. h4 {½-½ (25) Molander,R (2291)-Koskela,N (2307) Helsinki 2003}) 13... Qxe5 14. Bxe5 Bf5 15. Bxc7 e3 16. Rae1 Bxc2 17. Rxe3 Rfe8 18. Rfe1 Rxe3 19. Rxe3 $11 {[%mdl 4096] Endgame KRB-KRB} Bb1 20. Ra3 a6 21. f3 f6 22. Ra4 Bd3 23. Rd4 Bb1 24. a3 Ba2 25. Ra4 Kf7 26. Ba5 Bb1 27. Bc3 Ke6 28. Kf2 c5 29. Ra5 Kd6 30. Bd2 Bd3 31. Bf4+ Kc6 32. Be3 c4 33. g4 Kb7 34. Rd5 Kc6 35. Rc5+ Kb7 36. Rd5 Kc6 37. Ra5 (37. Rh5 {is interesting.} Rb8 38. Bd4 Rd8 39. Rc5+ Kb7 40. Ke3) 37... Kb7 38. g5 Rd8 39. gxf6 gxf6 40. Bd2 Re8 {...Re2+ is the strong threat.} 41. Bc3 Re2+ 42. Kg3 f5 43. h4 Re6 44. h5 Kc7 45. Rd5 Re3 {[#]} 46. Rc5+ ({White should try} 46. Be5+ $1 Kb7 47. Rc5) 46... Kd7 47. Kf4 Re2 {[#]} (47... Re6 $16) 48. Be5 $1 $18 Rh2 49. Rc7+ Ke6 50. Rxh7 Rh3 51. Rh6+ Ke7 52. Kg5 c3 (52... Rxf3 $142 53. Rxa6 c3 54. Bf6+ Kf7 55. Ra7+ Ke6 56. Re7+ (56. Bxc3 Rg3+ 57. Kf4 Rh3 $16) 56... Kd6 57. bxc3 Rg3+ 58. Kf4 Rg4+ 59. Ke3 Bc2) 53. bxc3 ({Don't take} 53. Bxc3 Rxf3 54. Bb4+ Ke8) 53... Rxf3 54. Rb6 Rh3 55. h6 {Threatens to win with Bf6+.} f4 56. Kxf4 Rh5 57. Ke3 Bb5 58. Kd4 Kf7 $2 (58... Rh4+ 59. Kd5 Kf7) 59. Rf6+ Kg8 60. Bf4 Rh3 (60... Be8 $142 61. c4 Rh4) 61. c4 Bxc4 62. Kxc4 {White mates.} Rxa3 {KRB-KR} 63. Kd4 Ra4+ 64. Ke5 Ra5+ 65. Ke4 Rh5 66. Rxa6 Kh7 67. Ra7+ Kg8 68. Kf3 Rb5 69. Kg4 Rd5 70. Re7 Rb5 71. h7+ {Accuracy: White = 71%, Black = 47%.} 1-0